| Поле | Название | Значение |
| |
Тип записи |
a |
| |
Библиографический уровень |
m |
| 001 |
Контрольный номер |
LIBNET\0000626056 |
| 005 |
Дата корректировки |
20201206205017.5 |
| 010 |
Индекс ISBN |
__ |
| a |
ISBN |
978-5-397-04424-0 (в обл.) |
| d |
Цена |
312-34 |
| 100 |
Данные общей обработки |
__ |
| a |
Данные общей обработки |
19160923f2014||||||| 0rusy0189 ca |
| 101 |
Язык документа |
1_ |
| a |
Язык текста |
rus |
| c |
Язык оригинала |
ger |
| 102 |
Страна публикации |
__ |
| a |
Страна публикации |
RU| |
| 105 |
Кодированные данные (монография) |
__ |
| a |
Кодированные данные (монография) |
#|||||||000zy |
| 200 |
Заглавие и сведения об ответственности |
1_ |
| a |
Заглавие |
Акустика с точки зрения музыкальной науки |
| f |
Первые сведения об ответственности |
Г. Риман ; перевод с немецкого Н. Д. Кашкина |
| b |
Общее обозначение материала |
Текст |
| 205 |
Сведения об издании |
__ |
| a |
Основные сведения об издании |
Изд. стер. |
| b |
Дополнительные сведения об издании |
Репр. воспр. изд. 1898 г. |
| 210 |
Выходные данные |
__ |
| a |
Место издания |
Москва |
| c |
Издательство |
URSS |
| c |
Издательство |
ЛИБРОКОМ |
| d |
Дата издания |
2014 |
| 215 |
Физическое описание |
__ |
| a |
Объем |
145 с. |
| c |
Иллюстрации/тип воспроизводства |
ил., табл. |
| d |
Формат |
22 см |
| 225 |
Серия |
__ |
| a |
Серия |
Музыка: искусство, наука, мастерство |
| 300 |
Общие примечания |
__ |
| a |
Общие примечания |
Загл. и авт. ориг.: Katechismus der akustik / Hugo Riemann |
| 300 |
Общие примечания |
__ |
| a |
Общие примечания |
Тираж не указан |
| 330 |
Аннотация |
__ |
| a |
Аннотация |
Предлагаемая читателю книга известного немецкого музыковеда Гуго Римана (1849-1919) посвящена изложению основ научных представлений об акустике и истории математической теории музыки. Основное внимание в работе уделяется физико-математическому описанию звуковых отношений. Кроме того, разбираются вопросы о локализации звука, звуковой окраске (тембре), унтертонах и комбинационных тонах; о сродстве тонов, созвучности, тональности, консонансе и диссонансе. В приложении представлена общая таблица важнейших звуковых определений. Книга, написанная более века назад (первое русское издание вышло в 1898 г.), будет и сегодня полезна музыкантам, физикам и математикам, а также всем, кто интересуется приложениями акустики к теории музыки. |
| 606 |
Тематические рубрики |
__ |
| a |
Основная рубрика |
Музыка и зрелищные искусства |
| 606 |
Тематические рубрики |
__ |
| a |
Основная рубрика |
Теория музыки |
| 610 |
Ключевые слова |
__ |
| a |
Ключевые слова |
акустика |
| a |
Ключевые слова |
звуки |
| a |
Ключевые слова |
звуковые колебания |
| a |
Ключевые слова |
колебания |
| a |
Ключевые слова |
математическая теория музыки |
| a |
Ключевые слова |
математические теории |
| a |
Ключевые слова |
музыкальная акустика |
| a |
Ключевые слова |
музыкальные звуки |
| a |
Ключевые слова |
тембр |
| a |
Ключевые слова |
тональность |
| 686 |
Индексы других классификаций |
__ |
| 2 |
Код системы |
rubbks |
| a |
Классификационный индекс |
85.310,6 |
| 700 |
Автор |
_1 |
| a |
Фамилия |
Риман |
| b |
Имя |
Г. |
| f |
Даты |
1849-1919 |
| g |
Полное личное имя |
Гуго |
| 4 |
Код отношения |
070 |
| 702 |
Вторичная интеллектуальная ответственность |
_1 |
| a |
Фамилия |
Кашкин |
| b |
Имя |
Н. Д. |
| 4 |
Код отношения |
Переводчик |
| 4 |
Код отношения |
730 |
| 801 |
Источник записи |
_0 |
| a |
Страна |
RU |
| b |
Организация |
Муниципальное бюджетное учреждение культуры "Централизованная библиотечная система" г. Сургут (Центральная городская библиотека им. А. С. Пушкина) |
| c |
Дата составления |
20160923 |
| g |
Правила каталогизации |
КиК/Котельникова |
| 801 |
Источник записи |
_1 |
| a |
Страна |
RU |
| b |
Организация |
Муниципальное бюджетное учреждение культуры "Централизованная библиотечная система" г. Сургут (Центральная городская библиотека им. А. С. Пушкина) |
| c |
Дата составления |
20160923 |
| g |
Правила каталогизации |
КиК/Котельникова |
| 852 |
Данные о местонахождении |
__ |
| j |
Шифр хранения |
85.310,6 |
| i |
Авторский знак |
Р 51 |
| 901 |
Тип документа |
__ |
| t |
Тип документа |
m |
| 903 |
Характеристики (МАРС) |
__ |
| a |
Дата передачи |
20160923 |
| 990 |
Данные о заказе (DOS) |
__ |
| j |
Количество экземпляров (DOS) |
2 |
| t |
N записи в КСУ для И/У (DOS) |
201609 |